කථන දෙමළ බස (Record no. 3478)

MARC details
000 -LEADER
fixed length control field 00789nam a2200205 4500
003 - CONTROL NUMBER IDENTIFIER
control field LK-CoMWRAF
005 - DATE AND TIME OF LATEST TRANSACTION
control field 20240122122410.0
008 - FIXED-LENGTH DATA ELEMENTS--GENERAL INFORMATION
fixed length control field 230908b2007 |||||||| |||| 00| 0 eng d
020 ## - INTERNATIONAL STANDARD BOOK NUMBER
International Standard Book Number 9789559180081
040 ## - CATALOGING SOURCE
Original cataloging agency LK-CoMWRAF
Modifying agency LK-CoMWRAF
Description conventions LK-CoMWRAF
041 ## - LANGUAGE CODE
Language code of text/sound track or separate title Sinhala; Sinhalese
082 ## - DEWEY DECIMAL CLASSIFICATION NUMBER
Classification number 494.81
Item number SUS
942 ## - ADDED ENTRY ELEMENTS (KOHA)
Koha item type Books
100 ## - MAIN ENTRY--PERSONAL NAME
Personal name සුසීන්දිරරාජා, එස්
Personal name (Transliterated) Suseendiraraja, S
110 ## - MAIN ENTRY--CORPORATE NAME
Corporate name or jurisdiction name as entry element නිල්ලෛයිනාදන්, එස් | ජයකොඩි, අබේසිංහ
245 ## - TITLE STATEMENT
Title කථන දෙමළ බස
246 ## - VARYING FORM OF TITLE
Title proper/short title Kathana demala basa
300 ## - PHYSICAL DESCRIPTION
Extent කොළඹ :
Other physical details රාජ්‍ය භාෂා දෙපාර්ථමේන්තුව,
Dimensions 2007
856 ## - ELECTRONIC LOCATION AND ACCESS
Uniform Resource Identifier <a href="https://www.languagesdept.gov.lk/web/images/PDF/publication/Book%2001.pdf">https://www.languagesdept.gov.lk/web/images/PDF/publication/Book%2001.pdf</a>
Holdings
Withdrawn status Lost status Damaged status Not for loan Permanent Location Current Location Date acquired Full call number Barcode Koha item type
        Resource center, Muslim Women's Research And Action Forum Resource center, Muslim Women's Research And Action Forum 2023-09-08 494.81 SUS RAF930 Books
        Resource center, Muslim Women's Research And Action Forum Resource center, Muslim Women's Research And Action Forum 2023-12-14 494.81 SUS RAF4817 Books

Copyright © 2023 Muslim Women's Research and Action Forum (MWRAF), No 27/3, Anderson Road, Kalubowila, Dehiwela. Funded by The Asia Fundation